zpět

Detail výsledku týmu

Restaurace Mádl, Velké Bílovice

Datum a čas kvízu

27 Celkem bodů Celkový počet nahraných bodů na tomto kvízu bez doplňovacích otázek.
5. Pořadí na kvízu Konečné umístění týmu na tomto kvízu.

Zaznamenané odpovědi

# Otázka Odpověď Body Výsledky
1. V masce kterého zvířete naruši... gorily 0
2. Malajsie a Indonésie se jako p... Grok 0
3. Jakub Hrůša získal minulý týde... dirigent (hudební ředitel) 1
4. První vydání jistého komiksu b... Superman 1
5. Půl bodu získáte za jméno česk... Jakub Menšík, oštěp 0.5
6. Vaším úkolem v tématu bude odh... červená, žlutá 1
7. Teď se podíváme na domácí fotb... tři 0
8. Pojďme na hokej. Olomoucký koh... červenou 1
9. Na základě zobrazených barev l... Los Angeles Lakers 1
10. Které americké město oslavuje... Pittsburgh 0